Представление документа в формате MARC21

Поле Инд. ПП Название Значение
Тип записи a
Библиографический уровень b
001 Контрольный номер RU/IS/BASE/237909913
005 Дата корректировки 20200522191131.0
008 Кодируемые данные 20070716
040 b Код языка каталог. rus
e Правила каталог. PSBO
041 0_ a Код языка текста rus
084 a Индекс другой классификации/Индекс ББК 60.561.38; 68.5
100 1_ a Автор Рахманов А. Б.
q Полное имя Рахманов Азат Борисович
245 10 a Заглавие Марс быстрокрылый: подвижность войск как внешний экстенсивный предел войны
504 a Библиография Библиогр. ссылки
650 a Основная рубрика виды вооруженных сил (рода войск)
a Основная рубрика военная социология
a Основная рубрика военное дело
a Основная рубрика вооруженные силы
a Основная рубрика социология
653 a Ключевые слова армия
a Ключевые слова военная доктрина
a Ключевые слова военная история
a Ключевые слова военная техника
a Ключевые слова военные действия
a Ключевые слова война
a Ключевые слова войско
a Ключевые слова Вторая мировая война 1939-1945
a Ключевые слова история военного дела
a Ключевые слова кавалерия
a Ключевые слова концепция глубокой операции
a Ключевые слова кочевники
a Ключевые слова мобильность армии
a Ключевые слова монгольская армия
a Ключевые слова подвижность войск
a Ключевые слова танки
773 0_ t Заглавие источника Вестник Московского университета. Серия 18, Социология и политология
d Дата издания источника 2007
g Прочая информация № 1. - С. 116 - 131
w Контрольный № источника RU/IS/BASE/228580253
901 t Тип документа b